000 01545nam a2200325 a 4500
001 BRCA_3052
005 20190320204103.0
008 220109s1781----fr-a---###---#000-0#fre-u
041 _afre
044 _afr
084 _a358
_b.L47
_c1781
100 1 _aCervantes Saavedra, Miguel de
_d1547-1616
_9213
245 1 0 _aHistoire de L´Admirable Don Quichotte de la Manche
_cMiguel de Cervantes Saavedra ; Traduite de L´Espagnol par Filleau de Saint-Martin.
260 _aLyon
_bAmable Leroy
_c1781
300 _a6 v.
_bil.
_c18 cm.
500 _aContenido : v 1. Primera parte. Advertencia del traductor. Prólogo del autor. Texto. -- v 2. Texto. -- v 3. Segunda parte. Texto. -- v 4. Texto. -- v 5. Primera parte de la continuación escrita por el traductor. Texto. -- v 6. Segunda parte de la continuación escrita por el tarductor
500 _aEdición : Nouvelle edition revueé corrigée et augmentée
500 _aEjemplar por completo igual al LO-357. Semipiel; lomeras decoradas con dorados Lúdovik Osterc
500 _aCon ex-libris de : Ami Clavel
500 _aQM280
546 _aTexto en : francés
650 1 4 _aNovela española
_yÉpoca clásica, 1500-1700
_9215
650 1 4 _aLiteratura española
_yÉpoca clásica, 1500-1700
_9216
650 1 4 _aNovela española
_ySiglo XVII
_9217
650 1 4 _aDon Quijote (Personaje ficticio)
_eNovela
_9218
700 1 _aSaint-Martin, Francois Filleau de
_d1632-1695
_eTraductor
_98372
740 0 _aEl Ingenioso Hidalgo Don Quijote de la Mancha
902 _aQFM
942 _2lcc
_cB
999 _c2788
_d2788